|
|
|
|
| LEADER |
00000nam0a2200000 4500 |
| 001 |
221910 |
| 005 |
20231031195834.0 |
| 010 |
|
|
|a 5274007333
|
| 020 |
|
|
|a RU
|b 90-19472
|
| 035 |
|
|
|a (RuTPU)RU\TPU\book\242092
|
| 090 |
|
|
|a 221910
|
| 100 |
|
|
|a 20120917d1990 m y0rusy5003 ca
|
| 101 |
0 |
|
|a rus
|
| 102 |
|
|
|a RU
|
| 105 |
|
|
|a a z 001zy
|
| 200 |
1 |
|
|a Модифицированные бетоны
|f В. Г. Батраков
|
| 210 |
|
|
|a Москва
|c Стройиздат
|d 1990
|
| 215 |
|
|
|a 396 с.
|c ил.
|
| 320 |
|
|
|a Библиогр.: с. 387-392.
|
| 610 |
1 |
|
|a бетоны
|
| 610 |
1 |
|
|a модификация
|
| 610 |
1 |
|
|a свойства
|
| 610 |
1 |
|
|a классификация
|
| 610 |
1 |
|
|a кремнийорганические соединения
|
| 610 |
1 |
|
|a применение
|
| 610 |
1 |
|
|a пластификаторы
|
| 610 |
1 |
|
|a вещественный состав
|
| 675 |
|
|
|a 666.972.1
|v 3
|
| 700 |
|
1 |
|a Батраков
|b В. Г.
|g Владимир Григорьевич
|4 070
|
| 801 |
|
0 |
|a RU
|b RuMRKP
|c 19950417
|g psbo
|
| 801 |
|
1 |
|a RU
|b 63413507
|c 20120917
|
| 801 |
|
2 |
|a RU
|b 63413507
|c 20121002
|g RCR
|
| 942 |
|
|
|c BK
|